000 01091nam a22002177a 4500
999 _c33011
_d33011
003 OSt
005 20220908193226.0
008 150408b xxu||||| |||| 00| 0 eng d
040 _cBMC
_aBMC
082 _a658.8068
100 1 _946256
_aLópez Acosta, Gilmar Ernesto
245 1 0 _aElaboración de plan de marketing digital, para mejorar el talento humano que ofrece la empresa visible Outsource en la ciudad de San Salvador
_b: Investigación, informe final
_cGilmar Ernesto López Acosta, Oscar Alberto López Vega
260 _aSanta Ana (El Salvador)
_bUniversidad Católica de El Salvador
_c2022
300 _a49 + [24] h.
_c28 cm
_e+ 1 disco compacto
500 _aPrecede al tít.: Universidad Católica de El Salvador, Facultad de Ciencias Empresariales
502 _aTrabajo de graduación para optar al grado académico de Licenciatura en Mercadeo y Negocios Internacionales.
650 2 4 _98652
_aGestión de marketing
700 1 _946257
_aLópez Vega, Oscar Alberto
710 2 _91067
_aUniversidad Católica de El Salvador
_bFacultad de Ciencias Empresariales
942 _2ddc
_cTG